000 00437nam a2200169Ia 4500
005 20241029174900.0
008 240126s9999 xx 000 0 und d
020 _a9780470096222
082 _a158.3 BRO;1 R
100 _aBrown, Steven D. Lent, Robert W.
245 0 _aHandbook of counseling psychology
250 _a4th ed.
260 _bJohn & Wiley sons
_aHoboken
_c2008
300 _axv, 639
440 _aNULL
942 _cPU
999 _c296086
_d296086